Grandes maestros de la pintura : Miró /

I tiakina i:
Ngā taipitopito rārangi puna kōrero
Kaituhi rangatōpū: Sol 90 (idea original)
Ētahi atu kaituhi: López, Emilio (coordinación) (coordinación), Soriano, Joan (investigación y texto) (investigación y texto)
Hōputu: Pukapuka
Reo:Pāniora
I whakaputaina: Barcelona, España : Guadalajara, México : Sol 90 ; Público [dist.], 2008, c2008
Rangatū:(Grandes Maestros de la Pintura)
Ngā marau:
Ngā Tūtohu: Tāpirihia he Tūtohu
Kāore He Tūtohu, Me noho koe te mea tuatahi ki te tūtohu i tēnei pūkete!

MARC

LEADER 00000nam^a2200000^a^4500
001 000367506
005 20250521000000.0
008 110121 20082008
009 20260310115741.51
020 |a 978-84-9820-771-2 
025 |a Donación Juan Diego Castillo, 1 ejemplar 
037 |a Acervo ITESO - Biblioteca 
041 |a ESP 
082 |a 759.  |b GMP V. 19 
110 |a Sol 90  |e (idea original) 
240 1 1 |a [Grandes maestros de la pintura] 
245 1 0 |a Grandes maestros de la pintura :  |b Miró /  |c Idea original de Sol 90 ; coord. de E. López ; investigación y texto de J. Soriano. 
264 4 |a Barcelona, España :  |b Sol 90 ;  |a Guadalajara, México :  |b Público [dist.],  |c 2008, c2008 
300 |a 60 p. 
336 |a texto  |b txt  |2 rdacontenido 
337 |a sin mediación  |b n  |2 rdamedio 
338 |a volumen  |b nc  |2 rdasoporte 
440 1 |a (Grandes Maestros de la Pintura) 
545 0 |a Joan Miró (1893-1983) tuvo contacto con la obra de los impresionistas y los fauvistas, todavía como estudiante de arte. Fue una influencia temprana que incidió profundamente en su estética moderna, aunque él luego se vinculara más con el surrealismo. Alcanzó gran reconocimiento como pintor abstracto y se convirtió en un autor muy cotizado. 
649 |a XX 
650 |a Pintores Españoles 
650 |a Artistas Españoles 
650 |a Surrealismo -  |x Historia y Crítica 
650 |a Pintura Moderna -  |x Historia y Crítica 
650 |a Pintura Española -  |x Historia y Crítica 
650 |a Arte Abstracto -  |x Historia y Crítica 
650 |a Arte Moderno -  |x Historia y Crítica 
650 |a Arte Español -  |x Historia y Crítica 
650 |a Miró, Joan -  |x Tema Principal 
740 0 |a Miró /  |c Idea original de Sol 90 ; coord. de E. López ; investigación y texto de J. Soriano. 
700 |a López, Emilio  |e (coordinación) 
700 |a Soriano, Joan  |e (investigación y texto) 
910 |a Fondo Castillo-Martínez 
920 |a Impresos - Libros 
930 |a Fondos Especiales 
905 |a 127 
901 |a 0500261311  |b IT2  |c ESP  |i FXC D  |u 20250521 
902 |a https://opac.biblio.iteso.mx/vufind/Record/000367506